|
|
|
|
| LEADER |
00000nam a22000007a 4500 |
| 005 |
2012022104114.0 |
| 007 |
cr|||| |||| |
| 008 |
120221s2011 co |||||s|||| 00||0 spa d |
| 020 |
|
|
|a 978-958-648-695-8
|
| 035 |
|
|
|a 6248
|
| 040 |
|
|
|a vLex
|
| 090 |
|
|
|c 3012
|d 3012
|
| 100 |
1 |
|
|a Martn̕ez Herrera, Horacio
|
| 245 |
1 |
0 |
|a Liderazgo responsable
|h [Recurso electrn̤ico] /
|c Horacio Martn̕ez Herrera
|
| 256 |
|
|
|a Servicio en ln̕ea
|
| 260 |
|
|
|a Bogot ̀:
|b Ecoe ediciones,
|c 2011
|
| 300 |
|
|
|a 1 recurso electrn̤ico
|
| 490 |
0 |
|
|a Ciencias administrativas. Administracin̤
|
| 500 |
|
|
|a El libro tiene un enfoque pedagg̤ico con miras a formar el carc̀ter de los profesionales para que adopten como props̤ito central el servicio en pos de la construccin̤ de un mundo ms̀ decente para todas las personas, que brinde un nivel digno de vida y que a su vez aborde la conservacin̤ de los recursos del planeta para las futuras generaciones.
|
| 506 |
1 |
|
|a Contenido solo disponible en los productos indicados
|d vLex Global
|d vLex Global (Academic Edition, excluding Law Schools)
|d vLex Global (U.S. Academic Edition, Law Schools)
|d vLex Global (U.S. Academic Edition, excluding Law Schools)
|d vLex Global (Academic Edition, Law Schools)
|
| 650 |
0 |
4 |
|a Liderazgo
|z Colombia
|
| 650 |
0 |
4 |
|a Ecologa̕
|z Colombia
|
| 740 |
0 |
|
|a vLex Libros (Servicio en ln̕ea)
|
| 856 |
4 |
0 |
|u http://vlex.com/source/liderazgo-responsable-6248
|z Acceso restringido
|
| 942 |
|
|
|c BOOK
|
| 999 |
0 |
|
|a Environnement
|
| 999 |
0 |
|
|a Leadership
|